| 000 | 00462cam a2200181ua 4500 | ||
|---|---|---|---|
| 020 | _c19.00 | ||
| 041 |
_aeng _h |
||
| 082 |
_a546 _bDAY/TH |
||
| 100 | _aDay, Clyde M . | ||
| 245 |
_aTheoretical inorganic chemistry / _cClyde M Day. _hTextual Documents |
||
| 260 |
_aNew York : _bReinheld publishing corporation , _c1962. |
||
| 300 | _a413 ; . | ||
| 365 | _a19.00 | ||
| 504 | _a | ||
| 700 | 1 | _aSelbin, Joel . | |
| 942 | _cBK | ||
| 999 |
_c10672 _d10672 |
||